| 000 | 00571nam a2200181 a 4500 | ||
|---|---|---|---|
| 001 | 427 | ||
| 003 | CDMR | ||
| 005 | 20130923174852.0 | ||
| 008 | 130130s1982||||||||||||||||||||||||||||d | ||
| 020 | _a845007844X | ||
| 040 |
_aCDMR _bcat _cCDMR |
||
| 100 | 1 |
_aPalomera i Costa, Maria Mercè _9301 |
|
| 245 | 1 | 0 |
_aCent anys de premsa a Ripoll (1881-1980) _cper Ma. Mercè Palomera i Costa |
| 260 |
_aBarcelona _c1982 _bGeneralitat de Catalunya. Departament de Cultura i Mitjans de Comunicació |
||
| 300 | _a224 p | ||
| 650 | 0 | 4 |
_93717 _aPremsa comarcal _zCatalunya |
| 942 |
_cMON _2ddc |
||
| 999 |
_c427 _d427 |
||